000 00474nam a2200181Ia 4500
005 20250508150457.0
008 008 250505s9999 xx 000 0 eng d
037 _aTextual
040 _aFEDL
_beng
_cFEDL
041 _aeng
_2eng
084 _a822, WAT
_qFEDL
100 _aWatling E F
245 0 _aSophocles the theban plays
260 _aNew York, USA
_bPenguin Books
_c1947
300 _a185p.
942 _cTEXL
_h822, WAT
999 _c1323827
_d1323827